000 00348nam a2200145Ia 4500
008 150201s2002 xx 000 0 und d
082 _a611
_bH2002F
100 _aFARUQI
245 _aHUMAN OSTEOLOGY
250 _a2ND
260 _bC.B.S PUBLISHERS & DISTRIBUTERS
_aDELHI
_c2002
300 _a1-482
650 _aHUMAN OSTEOLOGY
942 _2ddc
_cBK
999 _c3052
_d3052